00257nam a22000857a 4500008004100000082002100041245008400062260001600146300000900162230621b xxu||||| |||| 00| 0 eng d a327.54bGAN 1983 aPrime Minister Indira Gandhi bStatements on Foreign Policy January- April,1983 aIndiac1983 a102p